Thơ ca dân gian Việt Nam Tác phẩm chọn lọc ( Dùng trong nhà trường )

Đã lưu trong:
Bibliografiske detaljer
Format: Bog
Sprog:Undetermined
Udgivet: Hà Nội Giáo dục 1976
Fag:
Tags: Tilføj Tag
Ingen Tags, Vær først til at tagge denne postø!
Thư viện lưu trữ: Trung tâm Học liệu Trường Đại học Cần Thơ
LEADER 00545nam a2200169Ia 4500
001 CTU_10772
008 210402s9999 xx 000 0 und d
082 |a 895.9221008 
082 |b Th460 
245 0 |a Thơ ca dân gian Việt Nam 
245 0 |b Tác phẩm chọn lọc ( Dùng trong nhà trường ) 
245 0 |c Đỗ Bình Trị, Bùi Văn Nguyên 
260 |a Hà Nội 
260 |b Giáo dục 
260 |c 1976 
650 |a folk literature, vietnamese 
980 |a Trung tâm Học liệu Trường Đại học Cần Thơ